000 00736nam a2200217Ia 4500
005 20241129105749.0
008 241129s9999||||xx |||||||||||||| ||und||
020 _a978-1-84701-269-2
037 _aTB
040 _aARTS
_beng
_cARTS
041 _aeng
_2eng
084 _aSigma:f R1
_qARTS
100 _aAnsoms An Ed.; Bisoka Aymar Nyenyezi Ed.; Thomson Susan Ed.
_9724637
245 0 _aField research in Africa: the ethics of researcher vulnerabilities
_cAnsoms An Ed.; Bisoka Aymar Nyenyezi Ed.; Thomson Susan Ed.
260 _aUSA
_bWoodbridge James Currey
_c2021
300 _axii,175p.
365 _aUKP
_b19.99
650 _aSocial ScienceResearch
_9726222
942 _cTB
_hSigma:f R1
999 _c1225826
_d1225826